High School English Grammar and Composition (Record no. 3304)
[ view plain ]
| 000 -LEADER | |
|---|---|
| fixed length control field | 00337nam a2200133Ia 4500 |
| 008 - FIXED-LENGTH DATA ELEMENTS--GENERAL INFORMATION | |
| fixed length control field | 191201s2007 xx 000 0 und d |
| 082 ## - DEWEY DECIMAL CLASSIFICATION NUMBER | |
| Classification number | 429 |
| Item number | MAH |
| 100 ## - MAIN ENTRY--PERSONAL NAME | |
| Personal name | MARTIN, H |
| 245 #0 - TITLE STATEMENT | |
| Title | High School English Grammar and Composition |
| 260 ## - PUBLICATION, DISTRIBUTION, ETC. (IMPRINT) | |
| Place of publication, distribution, etc | N.Delhi |
| Name of publisher, distributor, etc | S Chand and Co. Ltd. |
| Date of publication, distribution, etc | 2007 |
| 300 ## - PHYSICAL DESCRIPTION | |
| Extent | 376 |
| 650 ## - SUBJECT ADDED ENTRY--TOPICAL TERM | |
| Topical term or geographic name as entry element | Applied |
| 942 ## - ADDED ENTRY ELEMENTS (KOHA) | |
| Source of classification or shelving scheme | Dewey Decimal Classification |
| Koha item type | Text Books |
| Withdrawn status | Lost status | Source of classification or shelving scheme | Damaged status | Not for loan | Collection code | Home library | Current library | Date acquired | Source of acquisition | Cost, normal purchase price | Bill Number | Total Checkouts | Full call number | Acc. no. / Barcode | Date last seen | Date last borrowed | Bill Date | Koha item type | Checked out |
|---|---|---|---|---|---|---|---|---|---|---|---|---|---|---|---|---|---|---|---|
| Dewey Decimal Classification | Applied Sc. | PIET C-LIBRARY | PIET C-LIBRARY | 09/10/2007 | J B C, New Delhi | 125.00 | 1134 | 3 | 429 MAH | 8456 | 22/06/2023 | 07/06/2023 | 29/09/2007 | Text Books | |||||
| Dewey Decimal Classification | Applied Sc. | PIET C-LIBRARY | PIET C-LIBRARY | 09/10/2007 | J B C, New Delhi | 125.00 | 1134 | 3 | 429 MAH | 8457 | 20/01/2022 | 20/01/2022 | 29/09/2007 | Text Books | 19/07/2022 | ||||
| Dewey Decimal Classification | Applied Sc. | PIET C-LIBRARY | PIET C-LIBRARY | 09/10/2007 | J B C, New Delhi | 125.00 | 1134 | 429 MAH | 8458 | 04/12/2019 | 29/09/2007 | Text Books | |||||||
| Dewey Decimal Classification | Applied Sc. | PIET C-LIBRARY | PIET C-LIBRARY | 09/10/2007 | J B C, New Delhi | 125.00 | 1134 | 429 MAH | 8459 | 04/12/2019 | 29/09/2007 | Text Books | |||||||
| Dewey Decimal Classification | Applied Sc. | PIET C-LIBRARY | PIET C-LIBRARY | 09/10/2007 | J B C, New Delhi | 125.00 | 1134 | 429 MAH | 8460 | 04/12/2019 | 29/09/2007 | Text Books |